00522cam a22002057a 4500003000500000005001700005008004100022010001000063011001000073035001000083040000900093082001800102100001800120245004900138260005800187300001900245650002100264650002200285710000900307CHAP20220817041625.0971013s1986 r 00010 d a20008 a20980 a25069 cCHAP a634.90985bA500aAnsion, Juan.13aEl árbol y el bosque en la sociedad andina aLima :bInstituto Nacional Forestal y de Fauna,c1986 a119 p.b: ilus14aBosquesxPerú.14aDesforestación.0 aFAO.